00333nam a2200121Ia 4500008004100000041000800041082001500049100002100064245004500085260004200130300003000172365000900202240624s9999 xx 000 0 und d aeng a332.63 CUR aCURLEY MICHAEL T aMARGIN TRADING FROM A TO Z A COMPLETE GU c2008aNew JerseybJohn Wiley and Sons axv, : 187 : p. : cm. ; 23 cb30